<?xml version="1.0" encoding="UTF-8"?>
<record
    xmlns:xsi="http://www.w3.org/2001/XMLSchema-instance"
    xsi:schemaLocation="http://www.loc.gov/MARC21/slim http://www.loc.gov/standards/marcxml/schema/MARC21slim.xsd"
    xmlns="http://www.loc.gov/MARC21/slim">

  <leader>00399nam a22001697a 4500</leader>
  <controlfield tag="003">OSt</controlfield>
  <controlfield tag="005">20251027113935.0</controlfield>
  <controlfield tag="007">830 pages</controlfield>
  <controlfield tag="008">251027b        |||||||| |||| 00| 0 eng d</controlfield>
  <datafield tag="020" ind1=" " ind2=" ">
    <subfield code="a">9788131713662</subfield>
  </datafield>
  <datafield tag="040" ind1=" " ind2=" ">
    <subfield code="c"> </subfield>
  </datafield>
  <datafield tag="082" ind1=" " ind2=" ">
    <subfield code="2">4</subfield>
    <subfield code="a">621.3815</subfield>
    <subfield code="b">WAK</subfield>
  </datafield>
  <datafield tag="245" ind1=" " ind2=" ">
    <subfield code="a">Digital design</subfield>
    <subfield code="c">Wakerly,John F</subfield>
  </datafield>
  <datafield tag="250" ind1=" " ind2=" ">
    <subfield code="a">4</subfield>
  </datafield>
  <datafield tag="260" ind1=" " ind2=" ">
    <subfield code="b">Pearson</subfield>
    <subfield code="c">Pearson</subfield>
  </datafield>
  <datafield tag="942" ind1=" " ind2=" ">
    <subfield code="2">ddc</subfield>
    <subfield code="c">BK</subfield>
    <subfield code="e">4</subfield>
    <subfield code="k">621.3815</subfield>
    <subfield code="m">WAK</subfield>
    <subfield code="n">0</subfield>
  </datafield>
  <datafield tag="999" ind1=" " ind2=" ">
    <subfield code="c">36270</subfield>
    <subfield code="d">36270</subfield>
  </datafield>
  <datafield tag="952" ind1=" " ind2=" ">
    <subfield code="0">0</subfield>
    <subfield code="1">0</subfield>
    <subfield code="2">ddc</subfield>
    <subfield code="4">0</subfield>
    <subfield code="7">0</subfield>
    <subfield code="8">ECS</subfield>
    <subfield code="a">CRCE</subfield>
    <subfield code="b">CRCE</subfield>
    <subfield code="d">2025-10-27</subfield>
    <subfield code="g">1130.00</subfield>
    <subfield code="i">AO/25/09/434 dt 19.09.2025</subfield>
    <subfield code="l">1</subfield>
    <subfield code="o">621.3815/WAK</subfield>
    <subfield code="p">26949</subfield>
    <subfield code="r">2026-04-21</subfield>
    <subfield code="s">2026-01-16</subfield>
    <subfield code="w">2025-10-27</subfield>
    <subfield code="y">BK</subfield>
  </datafield>
  <datafield tag="952" ind1=" " ind2=" ">
    <subfield code="0">0</subfield>
    <subfield code="1">0</subfield>
    <subfield code="2">ddc</subfield>
    <subfield code="4">0</subfield>
    <subfield code="7">0</subfield>
    <subfield code="8">ECS</subfield>
    <subfield code="a">CRCE</subfield>
    <subfield code="b">CRCE</subfield>
    <subfield code="d">2025-10-27</subfield>
    <subfield code="g">1130.00</subfield>
    <subfield code="i">AO/25/09/434 dt 19.09.2025</subfield>
    <subfield code="l">0</subfield>
    <subfield code="o">621.3815/WAK</subfield>
    <subfield code="p">26950</subfield>
    <subfield code="r">2026-05-13</subfield>
    <subfield code="w">2025-10-27</subfield>
    <subfield code="y">BK</subfield>
  </datafield>
  <datafield tag="952" ind1=" " ind2=" ">
    <subfield code="0">0</subfield>
    <subfield code="1">0</subfield>
    <subfield code="2">ddc</subfield>
    <subfield code="4">0</subfield>
    <subfield code="7">0</subfield>
    <subfield code="8">ECS</subfield>
    <subfield code="a">CRCE</subfield>
    <subfield code="b">CRCE</subfield>
    <subfield code="d">2025-10-27</subfield>
    <subfield code="g">1130.00</subfield>
    <subfield code="i">AO/25/09/434 dt 19.09.2025</subfield>
    <subfield code="l">0</subfield>
    <subfield code="o">621.3815/WAK</subfield>
    <subfield code="p">26951</subfield>
    <subfield code="r">2025-10-27</subfield>
    <subfield code="w">2025-10-27</subfield>
    <subfield code="y">BK</subfield>
  </datafield>
  <datafield tag="952" ind1=" " ind2=" ">
    <subfield code="0">0</subfield>
    <subfield code="1">0</subfield>
    <subfield code="2">ddc</subfield>
    <subfield code="4">0</subfield>
    <subfield code="7">0</subfield>
    <subfield code="8">ECS</subfield>
    <subfield code="a">CRCE</subfield>
    <subfield code="b">CRCE</subfield>
    <subfield code="d">2025-10-27</subfield>
    <subfield code="g">1130.00</subfield>
    <subfield code="i">AO/25/09/434 dt 19.09.2025</subfield>
    <subfield code="l">1</subfield>
    <subfield code="m">1</subfield>
    <subfield code="o">621.3815/WAK</subfield>
    <subfield code="p">26952</subfield>
    <subfield code="r">2026-05-13</subfield>
    <subfield code="s">2026-03-04</subfield>
    <subfield code="w">2025-10-27</subfield>
    <subfield code="y">BK</subfield>
  </datafield>
  <datafield tag="952" ind1=" " ind2=" ">
    <subfield code="0">0</subfield>
    <subfield code="1">0</subfield>
    <subfield code="2">ddc</subfield>
    <subfield code="4">0</subfield>
    <subfield code="7">0</subfield>
    <subfield code="8">ECS</subfield>
    <subfield code="a">CRCE</subfield>
    <subfield code="b">CRCE</subfield>
    <subfield code="d">2025-10-27</subfield>
    <subfield code="g">1130.00</subfield>
    <subfield code="i">AO/25/09/434 dt 19.09.2025</subfield>
    <subfield code="l">0</subfield>
    <subfield code="o">621.3815/WAK</subfield>
    <subfield code="p">26953</subfield>
    <subfield code="r">2025-10-27</subfield>
    <subfield code="w">2025-10-27</subfield>
    <subfield code="y">BK</subfield>
  </datafield>
</record>
